| 000 | 00364nam a22001457a 4500 | ||
|---|---|---|---|
| 003 | MACL | ||
| 005 | 20190702161444.0 | ||
| 008 | 190702b xxu||||| |||| 00| 0 eng d | ||
| 040 | _cMACL | ||
| 100 |
_aRanjan,Ravi _975732 |
||
| 245 | _aCultural Heritage of Himachal Pradesh | ||
| 260 |
_aDelhi _bAcademic Edu. _c2016 |
||
| 650 |
_aGeography _975733 |
||
| 942 |
_2ddc _cBK |
||
| 999 |
_c60390 _d60390 |
||